| 000 | 01515nam a2200349 i 4500 | ||
|---|---|---|---|
| 001 | 196951 | ||
| 003 | ES-MaACL | ||
| 005 | 20250825062708.0 | ||
| 008 | 250225b2024 sp ||||| |||| 00| 0 spa d | ||
| 017 |
_aZ 2190-2024 _bOficina Depósito Legal Zaragoza |
||
| 040 |
_bspa _cES-MaACL |
||
| 245 |
_aDespoesianudo : _bpoesía y performatividad. Propuesta poética de Manifiestas / _cNoelia Blesa, Teresa Martí Romaní y Alberto Monreal ; ilustrado por Ligia "Piwie" Gomadri ; fotografías de Lorena Cosba ; prólogo de Dani Romeo. |
||
| 260 |
_aZaragoza : _bLa Madrina editorial, _c2024. |
||
| 300 |
_a67 páginas ; _c25 cm |
||
| 336 |
_2rdacontent _atexto |
||
| 337 |
_2rdamedia _asin mediación |
||
| 338 |
_2rdacarrier _avolumen |
||
| 655 | 7 |
_2tgfbne _9176539 _aPoesías |
|
| 655 | 7 |
_2tgfbne _aLibros ilustrados _9193653 |
|
| 700 | 1 |
_aBlesa, Noelia _eaut _9241702 |
|
| 700 | 1 |
_aMartí Romaní, Teresa _eaut _9241703 |
|
| 700 | 1 |
_aMonreal, Alberto _eaut _9241704 |
|
| 700 | 1 |
_aGomadri, Ligia _c"Piwie" _eill _9241705 |
|
| 700 | 1 |
_aCosba, Lorena _epht _9241706 |
|
| 700 | 1 |
_aRomeo, Dani _eaui _9241707 |
|
| 852 |
_aES-MaACL _cDEPOJ _jN-10389 _gDedicatoria autógrafa de Edén Tejón _hDonación: Edén Tejón Pérez _xEncuadernación rústica _9206511 |
||
| 903 |
_aTejón Pérez, Edén _ednr _9241729 |
||
| 942 |
_cMONOGRAFIA _n0 |
||
| 999 |
_c196951 _d196951 |
||